Welcome to the Holygrace Academy Library

Please use search bar below to get started

THE MERCHANT OF VENICE (Record no. 3921)

MARC details
000 -LEADER
fixed length control field 00630nam a22001457a 4500
020 ## - INTERNATIONAL STANDARD BOOK NUMBER
ISBN 978-83-80816-29-6
082 ## - DEWEY DECIMAL CLASSIFICATION NUMBER
Classification number 823
Item number SHA/M
100 ## - MAIN ENTRY--AUTHOR NAME
Personal name SHAKESPEAR, WILLIAM
245 ## - TITLE STATEMENT
Title THE MERCHANT OF VENICE
260 ## - PUBLICATION, DISTRIBUTION, ETC. (IMPRINT)
Place of publication NOIDA
Name of publisher MAPLE PRESS
Year of publication 2010
300 ## - PHYSICAL DESCRIPTION
Number of Pages 126
520 ## - SUMMARY, ETC.
Summary, etc The Merchant of Venice Summary. Antonio, an antisemitic merchant, takes a loan from the Jew Shylock to help his friend to court Portia. Antonio can't repay the loan, and without mercy, Shylock demands a pound of his flesh. The heiress Portia, now the wife of Antonio's friend, dresses as a lawyer and saves Antonio.
650 ## - SUBJECT ADDED ENTRY--TOPICAL TERM
Topical Term NOVEL
Geographic subdivision INDIA
942 ## - ADDED ENTRY ELEMENTS (KOHA)
Koha item type Books
Holdings
Withdrawn status Lost status Collection code Home library Current library Shelving location Date acquired Source of acquisition Cost, normal purchase price Full call number Accession Number Koha item type
    Fiction Main Library Main Library SHELF-14-L- ALPHABETICAL- S --ENGLISH NOVELS & FICTIONS 07/05/2015 purchase 75.00 823 SHA/M 03715 Books